000 00558nam a2200205Ia 4500
005 20260618124719.0
008 131103s9999 xx 000 0 und d
040 _aLoreto College
041 _aEnglish
082 _a227
_bNEW
245 _aFirst corinthians second corinthians
_cIntroducted by Claude J.Peifer
260 _aU.S.A
_bThe liturgical press
_c1960
300 _a112p.
440 _aNew testament reading guide
650 _aEpistles
651 _aChristian religion
700 _aPeife, Claude J; int.
850 _aLCLIB
942 _cBK
999 _c24469
_d74948